Los grandes neurópatas (enfermos inmortales) (Record no. 37979)

MARC details
000 -LEADER
campo de control de longitud fija 00547nam a2200157 i 4500
001 - NÚMERO DE CONTROL
campo de control 37979
003 - IDENTIFICADOR DE NÚMERO DE CONTROL
campo de control ES-MaACL
005 - FECHA Y HORA DE LA ÚLTIMA TRANSACCIÓN
campo de control 20230906155656.0
008 - DATOS DE LONGITUD FIJA--INFORMACIÓN GENERAL
campo de control de longitud fija 030224s1931 sp |||| |cspa d
100 1# - ENTRADA PRINCIPAL--NOMBRE DE PERSONA
Nombre de persona Cabanès, Augustin.
9 (RLIN) 33136
245 14 - MENCIÓN DEL TÍTULO
Título Los grandes neurópatas (enfermos inmortales)
Resto del título : Baudelaire, Byron, Chateubriand, Moliere, Pascal, Shelley, Wagner /
Mención de responsabilidad, etc. Augustín Cabanès.
260 ## - PUBLICACIÓN, DISTRIBUCIÓN, ETC.
Lugar de publicación, distribución, etc. Madrid :
Nombre del editor, distribuidor, etc. [s.n.,
Fecha de publicación, distribución, etc. 1931] (
Fabricante J. Pueyo)
300 ## - DESCRIPCIÓN FÍSICA
Extensión 264 p. ;
Dimensiones 19 cm.
650 #4 - PUNTO DE ACCESO ADICIONAL DE MATERIA--TÉRMINO DE MATERIA
Término de materia o nombre geográfico como elemento de entrada Escritores-
Subdivisión de forma Biografías.
9 (RLIN) 136034
852 ## - LOCALIZACIÓN
Ubicación ES-MaACL
Número de control de estantería A-5247
Holdings
Estatus retirado Estado de pérdida Estado de daño No para préstamo Biblioteca de origen Biblioteca actual Ubicación en estantería Fecha de adquisición Fuente de adquisición Total de préstamos Signatura topográfica completa Código de barras Visto por última vez Precio de reemplazo Tipo de ítem Koha
        Biblioteca del Ateneo de Madrid Biblioteca del Ateneo de Madrid Sala Pecera Planta 1 17/01/2008     A-5247 1039988 23/02/2023 23/02/2023 Libro impreso